| 000 | 00554nam a22001817a 4500 | ||
|---|---|---|---|
| 003 | BD-DhUL | ||
| 005 | 20160906085401.0 | ||
| 008 | 160906s1968 b a|||| |||| 000 0 b d | ||
| 040 |
_cBD-DhUL _dBD-DhUL |
||
| 082 |
_a954 _bSAM |
||
| 100 | 1 | _aসেন, সত্যেন | |
| 245 |
_aমসলার যুদ্ধ / _cসত্যেন সেন |
||
| 260 |
_aঢাকা : _bমুক্তধারা, _c১৯৬৮ । |
||
| 300 |
_a৭৪ পৃ. ; _c২৩ সেমি. |
||
| 650 | _aভারত | ||
| 650 | _aIndia | ||
| 942 |
_2ddc _cBK |
||
| 999 |
_c104331 _d104331 |
||